Poznámky k problémom priamych obchodov mimo organizovaných trhov
Oslabenie búrz mimotrhovým obchodovaním s cennými papiermi (takmer 90 perc. objemu transakcií). Dôsledok: neprehľadnosť kapitálového trhu, jeho zraniteľnosť, možnosť manipulácie a podvodov, neochota investovať zo strany domácich i zahraničných investorov. Návrh niektorých opatrení eliminujúcich obch...
Gespeichert in:
| 1. Verfasser: | |
|---|---|
| Format: | Buchkapitel |
| Sprache: | Slowakisch |
| Schlagworte: | |
| Tags: |
Keine Tags, Fügen Sie das erste Tag hinzu!
|
MARC
| LEADER | 00000naa a2200000 4500 | ||
|---|---|---|---|
| 001 | r015402 | ||
| 005 | 20221205091248.9 | ||
| 041 | 0 | |a slo | |
| 044 | |a SK | ||
| 245 | 1 | 0 | |a Poznámky k problémom priamych obchodov mimo organizovaných trhov |c T. Bridle |
| 520 | |a Oslabenie búrz mimotrhovým obchodovaním s cennými papiermi (takmer 90 perc. objemu transakcií). Dôsledok: neprehľadnosť kapitálového trhu, jeho zraniteľnosť, možnosť manipulácie a podvodov, neochota investovať zo strany domácich i zahraničných investorov. Návrh niektorých opatrení eliminujúcich obchody mimo organizovaného trhu. | ||
| 610 | 2 | 0 | |a trh kapitálový |
| 610 | 2 | 0 | |a Slovensko |
| 610 | 2 | 0 | |a SCP SR Bratislava |
| 610 | 2 | 0 | |a obchody burzové |
| 610 | 2 | 0 | |a papiere cenné |
| 610 | 2 | 0 | |a kriminalita |
| 100 | 1 | |a Bridle, T. | |